Вып. 22; Программированное обучение

Մատենագիտական մանրամասներ
Parent link:Программированное обучение: республиканский межведомственный научный сборник/ Киевский инженерно-строительный институт. Вып. 22.— , 1967-1991
Այլ հեղինակներ: Чубук Ю. Ф. (редактор)
Լեզու:ռուսերեն
Հրապարակվել է: 1985
Խորագրեր:
Ձևաչափ: MixedMaterials Գիրք
KOHA link:https://koha.lib.tpu.ru/cgi-bin/koha/opac-detail.pl?biblionumber=287838

MARC

LEADER 00000nam2a2200000 4500
001 287838
005 20231102000029.0
035 |a (RuTPU)RU\TPU\book\312273 
035 |a RU\TPU\book\237387 
090 |a 287838 
100 |a 20150319d1985 k y0rusy5003 ca 
101 0 |a rus 
102 |a UA 
105 |a y z 001zy 
200 0 |a Вып. 22 
210 |d 1985 
215 |d 22 см  |a 114 с. 
320 |a Библиография в конце статей 
461 1 |0 (RuTPU)RU\TPU\book\215408  |t Программированное обучение  |o республиканский межведомственный научный сборник  |f Киевский инженерно-строительный институт  |v Вып. 22  |d 1967-1991 
606 1 |a Программированное обучение  |x В высшей школе  |2 stltpush  |3 (RuTPU)RU\TPU\subj\51797  |9 70360 
610 1 |a организационные формы 
610 1 |a высшая школа 
610 1 |a подготовка специалистов 
610 1 |a технические средства 
610 1 |a использование 
610 1 |a учебные процессы 
610 1 |a преемственность 
610 1 |a внимание 
610 1 |a проблемные ситуации 
610 1 |a познавательная активность 
610 1 |a учебно-воспитательная работа 
610 1 |a деловые игры 
686 |a Ч481.23  |v LBC/SL-A  |2 rubbk 
702 1 |a Чубук  |b Ю. Ф.  |4 340 
801 0 |a RU  |b 63413507  |c 19950417  |g psbo 
801 1 |a RU  |b 63413507  |c 20120605 
801 2 |a RU  |b 63413507  |c 20180205  |g RCR 
942 |c BK